000 00262nam a2200109Ia 4500
008 220204s9999 xx 000 0 und d
082 _a339.138
_bLAT
100 _aLATIF, T A A
245 0 _aPractice of marketing
260 _aNew Delhi
_bChand
_c1976
942 _cBK
999 _c31468
_d31468